000
00338pab a2200145 454500
008
180718b1983 xxu||||| |||| 00| 0 eng d
100
_a
Machiraju, H.R.
245
_a
The central budget for 1983-84
_b
An assessment
260
_c
1983
300
_a
30-44
362
_a
Apr.
650
_a
Budget - India
773
_a
Margin
909
_a
4772
999
_c
4772
_d
4772